1971 1714 1889 1220 1425 1286 1428 1342 1773 1584 1304 1442 1281 1824 1249 1789 1723 1673 1917 1984 1194 1029 1429 1252 1195 1187 1582 1842 1765 1415 1081 1233 1706 1417 1799 1964 1670 1617 1366 1300 1704 1059 1117 1148 1568 1896 1766 1454 1034 1094 1271 1827 1051 1038 1311 1979 1827 1301 1940 1826 1012 1156 1851 1250 1482 1719 1402 1695 1989 1872 1072 1315 1888 1842 1066 1335 1389 1857 1102 1124 1451 1337 1387 1307 1766 1675 1028 1736 1607 1745 1245 1752 1571 1874 1715 1257 1840 1018 1627 BCNSPRNW ULIB Ver.6.0+V

เปลี่ยนเป็นภาษาไทย

Change to English
 แสดงรายละเอียดบรรณานุกรม
  กลับหน้าหลัก

Brief Record : Get Marc (ISO 2709) : E-mail record : QR code < ปิดหน้าต่าง
LEADER : 00000nam 2200000uu 4500
001    13399120432
003     ULIB
008    120920s2549||||th 000 0 tha d
020    ^a9744222565
060 04 ^aWB115^bอ641 2549
245 00 ^aอายุรศาสตร์ 2006 :^bCurrent concepts and update treatment (1) /^cบรรณาธิการ, สมศักดิ์ ลัพธิกุลธรรม ... [และคนอื่นๆ]
246 31 ^aCurrent concepts and update treatment (1)
260    ^aกรุงเทพฯ :^bกลุ่มงานอายุรศาสตร์ โรงพยาบาลราชวิถี,^c2549
300    ^a(4), 330 หน้า :^bภาพประกอบ ;^c27 ซม.
650  2 ^aMedicine
650  7 ^aการแพทย์
650  7 ^aอายุรศาสตร์
700 0  ^aสมศักดิ์ ลัพธิกุลธรรม,^eบรรณาธิการ
710 2  ^aโรงพยาบาลราชวิถี. ^bกลุ่มงานอายุรศาสตร์
945    ^p0^l0^i24729
995    ^aกัณชพร
999 ^a ใช้งานได้ทุกระบบ
รายการนี้ยังไม่มีแท็ก
คุณยังไม่ได้ล็อกอิน คุณสามารถมีกิจกรรมร่วมกับเว็บไซต์ได้ แต่ต้องล็อกอินก่อน ::
  ล็อกอิน

รายการสื่อสารสนเทศ

ลำดับที่ ประเภท เลขเรียก/บาร์โค้ด สถานที่ สถานะ
1. วิทยาศาสตร์การแพทย์ และสุขภาพ
วิทยาศาสตร์การแพทย์ และสุขภาพ
WB115 อ641 2549  
  Barcode: 24729
ห้องสมุดวิทยาเขตสวรรค์ประชารักษ์
►หนังสือทั่วไป
บนชั้น

รายการใกล้เคียง
    หัวเรื่อง [Medicine]
    หัวเรื่อง [การแพทย์]
    หัวเรื่อง [อายุรศาสตร์]

BibComment


ยังไม่เคยถูกคอมเมนท์

คอมเมนท์ทรัพยากรรายการนี้
  คอมเมนท์: อายุรศาสตร์ 2006..


 Copyright 2026. Bcnsprnw @Library